Wypełnij mapę Europy zgadując kolory flag - Statystyki

Ogólne statystyki
  • Ten quiz został rozwiązany 545 razy
  • Średni wynik to 82 z 142
Odpowiedzi na mapie
Odpowiedzi zakodowano w zielono-czerwonej skali na mapie do tego quizu, zgodnie z poniższymi procentami.
 
Statystyki odpowiedzi
Kraj Kolor % Poprawnych
Ukraina Niebieski
98%
Ukraina Żółty
97%
Francja Niebieski
94%
Francja Biały
93%
Francja Czerwony
93%
Włochy Zielony
91%
Włochy Biały
90%
Niemcy Czarny
90%
Włochy Czerwony
89%
Niemcy Czerwony
89%
Niemcy Złoty
89%
Belgia Czarny
85%
Polska Biały
84%
Belgia Czerwony
84%
Polska Czerwony
84%
Belgia Żółty
84%
Rosja Biały
83%
Rosja Czerwony
83%
Rosja Niebieski
83%
Austria Biały
81%
Czechy Biały
81%
Austria Czerwony
81%
Czechy Czerwony
81%
Czechy Niebieski
81%
Szwajcaria Biały
80%
Szwajcaria Czerwony
80%
Holandia Biały
78%
Holandia Niebieski
78%
Holandia Czerwony
77%
Węgry Biały
76%
Grecja Biały
76%
Węgry Czerwony
76%
Grecja Niebieski
76%
Wielka Brytania Biały
75%
Wielka Brytania Czerwony
75%
Wielka Brytania Niebieski
75%
Węgry Zielony
75%
Irlandia Biały
73%
Rumunia Niebieski
73%
Rumunia Żółty
73%
Finlandia Biały
72%
Dania Biały
72%
Rumunia Czerwony
72%
Norwegia Czerwony
72%
Dania Czerwony
72%
Estonia Niebieski
72%
Finlandia Niebieski
72%
Irlandia Pomarańczowy
72%
Irlandia Zielony
72%
Estonia Biały
71%
Norwegia Biały
71%
Estonia Czarny
71%
Szwecja Niebieski
71%
Norwegia Niebieski
71%
Szwecja Żółty
71%
Bułgaria Biały
70%
Łotwa Biały
70%
Bułgaria Czerwony
70%
Łotwa Karminowy
70%
Bułgaria Zielony
70%
Litwa Zielony
70%
Islandia Niebieski
69%
Islandia Biały
68%
Litwa Czerwony
68%
Islandia Czerwony
68%
Litwa Żółty
68%
Białoruś Czerwony
65%
Białoruś Zielony
65%
Białoruś Biały
63%
Słowacja Biały
63%
Albania Czarny
63%
Słowacja Czerwony
63%
Albania Czerwony
63%
Macedonia Północna Czerwony
63%
Słowacja Niebieski
63%
Macedonia Północna Żółty
63%
Luksemburg Biały
62%
Luksemburg Czerwony
62%
Luksemburg Jasnoniebieski
62%
Bośnia i Hercegowina Biały
60%
Bosnia andHerzegovina Niebieski
60%
Kosowo Niebieski
60%
Bośnia i Hercegowina Żółty
60%
Kosowo Złoty
58%
Kosowo Biały
57%
Czarnogóra Czerwony
57%
Słowenia Biały
55%
Słowenia Czerwony
55%
Słowenia Niebieski
55%
Czarnogóra Złoty
54%
Chorwacja Biały
53%
Chorwacja Czerwony
53%
Chorwacja Niebieski
52%
Czarnogóra Niebieski
48%
Słowenia Żółty
48%
Hiszpania Czerwony
46%
Hiszpania Żółty
46%
Serbia Biały
42%
Serbia Czerwony
42%
Serbia Niebieski
42%
Mołdawia Niebieski
41%
Czarnogóra Zielony
41%
Serbia Złoty
40%
Mołdawia Żółty
40%
Mołdawia Czerwony
39%
Portugalia Czerwony
35%
Portugalia Zielony
34%
Chorwacja Żółty
34%
Monako Biały
32%
Malta Biały
32%
Monako Czerwony
32%
Malta Czerwony
32%
Hiszpania Złoty
31%
Watykan Biały
29%
Chorwacja Czarny
29%
Portugalia Żółty
29%
Watykan Żółty
29%
San Marino Biały
28%
Chorwacja Jasnoniebieski
28%
San Marino Jasnoniebieski
27%
Portugalia Biały
25%
Andora Czerwony
25%
Liechtenstein Czerwony
25%
Liechtenstein Niebieski
25%
Andora Żółty
25%
Mołdawia Brązowy
24%
Andora Niebieski
24%
Liechtenstein Żółty
24%
Mołdawia Zielony
23%
Portugalia Niebieski
22%
Hiszpania Niebieski
21%
San Marino Żółty
20%
Hiszpania Szary
19%
Hiszpania Czerwony (ciemniejszy)
18%
Hiszpania Zielony
18%
San Marino Zielony
18%
Hiszpania Beżowy
17%
Andora Brązowy
17%
Hiszpania Różowy
16%
Watykan Czerwony
15%
Watykan Szary
14%
Hiszpania Biały
13%
Nie znaleziono quizów pasujących do podanych kryteriów
Rozkład punktacji
Procent ludzi z każdym wynikiem
Percentyl według liczby udzielonych odpowiedzi
Twoja historia wyników
Nie rozwiązałeś tego quizu